000 00773nmc a2200289 a 4500
003 AR-BaBNM
005 20251128211516.0
008 204120s1998 ||||||||||||||000 | spa||
020 _a950-558-047-9
040 _cAR-BaBNM
100 1 _aSchkolinik, Saúl
245 1 0 _aSe necesita un rayo de sol
_bcuentos ecológicos para chicos
250 _a4ª ed.
260 _aBuenos Aires
_bEdiciones Orión
_c1998
300 _a126 p.
490 0 _aTobogán
500 _aPrimer premio Literatura Infantil de la UNESCO
650 4 _aLIBROS PARA NINOS
650 4 _aLITERATURA INFANTIL
650 4 _aECOLOGIA
650 4 _aCUENTOS
653 _aLITERATURA JUVENIL
655 _aLITERATURA
800 1 _aBird, Poldy
_edirector
942 _cBK
998 _cEugenia
999 _c19959
_d19959